00428nam a2200169Ia 4500003000400000005001700004008004100021020001500062050002300077100001800100245005100118260003500169300003300204440000600237521000700243526000800250OSt20140315102042.0140130s9999 xx 000 0 und d a0590440713 aPZ 7b.C92167 1990 aRey, Margaret aCurious George goes to school /cMargaret Rey. bScholastic,c1990.aNew York : a30 p. :bcol. ill. ;c19 cm. v1 aG2 c400